000 00533nam a2200181 a 4500
001 000018886
005 20200929165857.0
008 100520s1964 ve r 000 p spa d
040 _aDO-SdBNP
_bspa
_cBNPHU
082 _aVE861.44
_bB432r
100 1 _aBencomo, Carmen Delia,
_d1923-2002
_940665
245 1 0 _aRostro de soledad :
_bpoemas /
_cCarmen Delia Bencomo.
260 _aCaracas :
_bGema,
_c1964.
300 _a115 p. ;
_c22 cm.
650 4 _aPoesía venezolana
_94230
650 4 _aLiteratura venezolana
_93816
049 _aBNGR
999 _c18404
_d18404